00824nas a22002057a 4500003000400000005001700004008004100021022001400062040001400076245005700090260008000147310001400227362004900241650004100290650003900331650004300370650003000413710007000443856010500513OSt20240905132200.0130702d19962010sp ||||| |||| 00| 0 cat d a1886-4074 cCDMRbcat aAntena localb: la revista de la comunicació local aBarcelonabFederació Catalana de Ràdios i Televisions Localsc1996-2010 aBimestral aNúm. 1 (jul. 1996) - núm. 71 (des. 2010)04aPremsa comarcalzCatalunyavRevistes04aRàdio localzCatalunyavRevistes04aTelevisió localzCatalunyavRevistes04aButlletins d'informació2 aFederació d'Organismes i Entitats de Ràdio Local de Catalunya04uhttps://www.radiolocal.cat/ca/publicacions.cfm/id/4875/revista-_antena-local_yDisponible en línia